Alexis Spire, Accueillir ou reconduire, enquête sur les guichets de l’immigration, Editions Raisons d’agir, 2008, 126 p., 7 € (notice n° 1642355)
[ vue normale ]
| 000 -LEADER | |
|---|---|
| fixed length control field | 00738cam a2200157 4500500 |
| 005 - DATE AND TIME OF LATEST TRANSACTION | |
| control field | 20260201131232.0 |
| 041 ## - LANGUAGE CODE | |
| Language code of text/sound track or separate title | fre |
| 042 ## - AUTHENTICATION CODE | |
| Authentication code | dc |
| 100 10 - MAIN ENTRY--PERSONAL NAME | |
| Personal name | Mellon, Christian |
| Relator term | author |
| 245 00 - TITLE STATEMENT | |
| Title | Alexis Spire, Accueillir ou reconduire, enquête sur les guichets de l’immigration, Editions Raisons d’agir, 2008, 126 p., 7 € |
| 260 ## - PUBLICATION, DISTRIBUTION, ETC. | |
| Date of publication, distribution, etc. | 2009.<br/> |
| 500 ## - GENERAL NOTE | |
| General note | 24 |
| 520 ## - SUMMARY, ETC. | |
| Summary, etc. | Resumé Camille Tarot, Le symbolique et le sacré – Théories de la religion, La Découverte, collection Textes à l’appui, Bibliothèque du Mauss, 2008, 912 p., 39 €. |
| 786 0# - DATA SOURCE ENTRY | |
| Note | Revue Projet | 308 | 1 | 2009-01-01 | p. 089e-094e | 0033-0884 |
| 856 41 - ELECTRONIC LOCATION AND ACCESS | |
| Uniform Resource Identifier | <a href="https://shs.cairn.info/revue-projet-2009-1-page-089e?lang=fr&redirect-ssocas=7080">https://shs.cairn.info/revue-projet-2009-1-page-089e?lang=fr&redirect-ssocas=7080</a> |
Pas d'exemplaire disponible.




Réseaux sociaux